[Event "BCF-chT4 2223 (4NCL)"]
[Site "England"]
[Date "2023.01.08"]
[Round "4.95"]
[White "Cann, Arthur"]
[Black "Coates, Christine"]
[Result "1-0"]
[WhiteElo "1317"]
[BlackElo "1339"]
[PlyCount "77"]
[EventDate "2022.11.05"]
[EventType "team-swiss"]
[EventRounds "11"]
[EventCountry "ENG"]
[SourceTitle "EXT 2024"]
[Source "ChessBase"]
[SourceDate "2023.10.10"]
[SourceVersion "1"]
[SourceVersionDate "2023.10.10"]
[SourceQuality "1"]
[WhiteTeam "Cambridge University"]
[BlackTeam "Crowthorne II"]
[WhiteTeamCountry "ENG"]
[BlackTeamCountry "ENG"]

1. d4 d5 2. c4 dxc4 3. e4 b5 4. a4 c6 5. axb5 cxb5 6. e5 Bb7 7. Be3 e6 8. Nf3 Nc6 9. b3 Bb4+ 10. Bd2 Bxd2+ 11. Qxd2 Nge7 12. bxc4 bxc4 13. Bxc4 0-0 14. Nc3 Nb4 15. Be2 Ned5 16. Rb1 Qc7 17. Nxd5 Nxd5 18. 0-0 Ba6 19. Rfc1 Qxc1+ 20. Rxc1 Bxe2 21. Qxe2 a5 22. Ra1 a4 23. h3 a3 24. Qd3 h6 25. Rxa3 Rfc8 26. Rxa8 Rxa8 27. Nd2 Nf4 28. Qf3 Nd5 29. Nc4 Rc8 30. Ne3 Rc3 31. Qe4 Nxe3 32. fxe3 Rc8 33. Qb7 Re8 34. Qc7 Kf8 35. e4 Re7 36. Qc5 f6 37. exf6 gxf6 38. d5 e5 39. Qc8+ 1-0